000 00740nam a2200265Ia 4500
008 140626s9999 xx 000 0 und d
100 _aScolari, Carlos.
245 _aMedia ecology :
_b exploring the metaphor to expand the theory /
_c Carlos.Scolari
260 _cc2012.
300 _a22 : 2, page 204
440 _aCommunication Theory
521 _aMC
650 _aCommunication theory.
650 _aHybridizations.
650 _aIntermedia relationships.
650 _aMedia ecology.
650 _aMedia environment.
650 _aMedia evolution.
650 _aMedia extinction.
650 _aMedia interfaces.
650 _aMedia species.
650 _aMedia survival.
650 _aNew media.
942 _cSE
999 _c121256
_d121256